| 000 | 00918nam a22003017a 4500 | ||
|---|---|---|---|
| 003 | CHAP | ||
| 005 | 20220817042834.0 | ||
| 008 | 971013s1970 r 00010 d | ||
| 010 | _a57322 | ||
| 011 | _a58294 | ||
| 035 | _a62449 | ||
| 040 | _cCHAP | ||
| 082 |
_a338.9 _bS65 |
||
| 100 | 0 | 0 |
_aSolow, R. M. _9108518 |
| 245 |
_aGrowth theory _b: an exposition |
||
| 260 |
_aLondon : _bClaredon, _c1970 |
||
| 300 |
_a109 p. _b; gráfs. |
||
| 590 |
_aBATCH-UPD _b10 _c20130110 _lUCH01 _h0519 |
||
| 590 |
_aBATCH-UPD _b10 _c20130410 _lUCH01 _h0157 |
||
| 590 |
_aBATCH-UPD _b10 _c20130914 _lUCH01 _h1151 |
||
| 590 |
_aCONVERSION _b10 _c20130109 _lUCH01 _h1331 |
||
| 650 | 1 | 4 | _aDesarrollo económico. |
| 650 | 1 | 4 | _aPolítica económica. |
| 901 | _aBK | ||
| 942 | _cLIBRO | ||
| 949 |
_a338.9 S65 _bBC _cLIBRO _d33724000108775 _eLIBRO _h43506 _i62449 _si |
||
| 949 |
_a338.9 S65 _bBC _cLIBRO _d33724000108783 _eLIBRO _fc.2 _h43507 _i62449 _si |
||
| 999 |
_c57322 _d57322 |
||